Artists Beginning With S - Statistics

General Stats
  • This quiz has been taken 308 times
  • The average score is 14 of 30
Answer Stats
Hint Answer % Correct
Hips Don't Lie Shakira
91%
Wannabe Spice Girls
79%
Chandelier Sia
73%
Superstition Stevie Wonder
68%
Anarchy In The UK Sex Pistols
65%
Man! I Feel Like A Woman! Shania Twain
63%
All Star Smash Mouth
60%
Mrs. Robinson Simon & Garfunkel
59%
It Wasn't Me Shaggy
56%
Drop It Like It's Hot Snoop Dogg
56%
Tainted Love Soft Cell
56%
Smooth Operator Sade
54%
Black Hole Sun Soundgarden
51%
Chasing Cars Snow Patrol
49%
Chop Suey! System Of A Down
48%
Wind Of Change Scorpions
45%
Edge of Seventeen Stevie Nicks
43%
This Charming Man The Smiths
42%
Maria Maria Santana
39%
The Joker Steve Miller Band
38%
1979 The Smashing Pumpkins
38%
Last Nite The Strokes
32%
Lose You to Love Me Selena Gomez
27%
Reelin' In The Years Steely Dan
27%
Duality Slipknot
25%
Hall of Fame The Script
24%
I Wanna Be Adored The Stone Roses
22%
Dakota Stereophonics
20%
No Lie Sean Paul
16%
All For You Sister Hazel
4%
No matching quizzes found
Score Distribution
Percent of People with Each Score
Percentile by Number Answered
Your Score History
You have not taken this quiz